01071nam a22002177a 450000500170000000800410001702000180005804000070007604100120008308200200009510000330011524500390014826000550018730000240024236500570026652002910032365000220061494200120063699900190064895201860066720250813180141.0230202b ||||| |||| 00| 0 eng d a9788195037384 cAL aEnglish a320.80954bABHP aAbhijit Anil Pilkhane970618 aPanchayatiraj and Rural Develpment aJaipur b Satyam Publishers and Distributorsc2022 a219P.bHBc23x14cm. 2Generala22b₹1237.00d₹1695.00e27%f16-09-2022 aHistorical Back group;Role of Womens in Panchayati Raj;Panchayati Raj;Importance and value Democracy ;Political Atmosphere and Womens Role ;Political Participation of Women;Impact of Panchayati Raj Act,1992 on Women Political Empowerment;Rural Economics;Rural Development ;Bibliography. 2Political science 2ddccBK c226533d226533 00102ddc40708MSWaSACPGbSACPGd2023-01-21eSaraswati Publishers and Distributorsg1237.00l1o320.80954 ABHPpPG024189r2024-07-16 00:00:00s2024-07-06v1695.00w2023-02-02yBK